Wholesale and retail trade in Tanganyika: a study of distribution in East Africa (Record no. 367902)

000 -LEADER
fixed length control field 00437cam a22001337a 4500
008 - FIXED-LENGTH DATA ELEMENTS--GENERAL INFORMATION
fixed length control field 180718b1965 xxu||||| |||| 00| 0 eng d
082 ## - DEWEY DECIMAL CLASSIFICATION NUMBER
Classification number T343x6782 H314
100 ## - MAIN ENTRY--PERSONAL NAME
Personal name Haskins, H.C.G.
245 ## - TITLE STATEMENT
Title Wholesale and retail trade in Tanganyika: a study of distribution in East Africa
Statement of responsibility, etc. by H.C.G. Hawkins
260 ## - PUBLICATION, DISTRIBUTION, ETC.
Place of publication, distribution, etc. New York
Name of publisher, distributor, etc. Praeger
Date of publication, distribution, etc. 1965
300 ## - PHYSICAL DESCRIPTION
Extent 168p.
650 ## - SUBJECT ADDED ENTRY--TOPICAL TERM
Topical term or geographic name entry element Retail Trade - Tanganyika
650 ## - SUBJECT ADDED ENTRY--TOPICAL TERM
Topical term or geographic name entry element Wholesale Trade - Tanganyika
Holdings
Withdrawn status Lost status Damaged status Not for loan Permanent Location Current Location Date acquired Full call number Barcode Date last seen Price effective from Koha item type
        Indian Institute of Public Administration Indian Institute of Public Administration 1994-05-18 T343x6782 H314 40766 2018-07-21 2018-07-21 Book

Powered by Koha